| 000 | 00402 a2200145 4500 | ||
|---|---|---|---|
| 005 | 20250628060208.0 | ||
| 020 | _a978-1-11-803791-1 | ||
| 082 | _a657.046 FAY | ||
| 100 | _aFAYERMAN, G. | ||
| 245 | _aAdvanced Accounting. | ||
| 260 |
_aNew York, _bWILEY, J, _c2013. |
||
| 300 |
_axix, 567p.: ill.; figure, picture, table _bGlossary & Index _c28cm |
||
| 700 | _aCORRELL, R. [...et al...] | ||
| 942 |
_2ddc _cBKS |
||
| 999 |
_c5808 _d5808 |
||